Business Plan for Service Oriented Company in the Field of Gastro-industry diplomová práca

Uložené v:
Podrobná bibliografia
Hlavný autor: Ivanova, Maria-Magdalena
Korporativný autor: Fakulta podnikového manažmentu EU. Katedra podnikovohospodárska
Ďalší autori: Kintler, Jakub, 1979-
Médium: Kniha
Jazyk:English
Vydavateľské údaje: Bratislava 2021
Tagy: Pridať tag
Žiadne tagy, Buďte prvý, kto otaguje tento záznam!

MARC

LEADER 00000nbm a2200000 4500
001 0275850
005 20211203094914.1
041 0 |a eng 
044 |a SK 
245 1 0 |a Business Plan for Service Oriented Company in the Field of Gastro-industry  |b diplomová práca  |c Maria-Magdalena Ivanova ; školiteľ: Jakub Kintler 
264 1 |a Bratislava  |c 2021 
300 |a 74 s. 
100 1 |a Ivanova, Maria-Magdalena 
700 1 |a Kintler, Jakub, 1979- 
710 2 |a Fakulta podnikového manažmentu EU. Katedra podnikovohospodárska